000 00581nam a2200205Ia 4500
005 20250923144430.0
008 008 250917s9999 xx 000 0 eng d
037 _aTextual
040 _aDSWL
_beng
_cDSWL
041 _aeng
_2eng
084 _azG, N51.7
_qDSWL
100 _aTendulkar, D.G.
_9824819
245 0 _aMahatma: Life of Mohandas Karamchand Gandhi
_cby D.G. Tendulkar
260 _aBombay
_bVithalbhai Jhaveri
_c1953
300 _a506 p.
365 _aINR
_b25
925 _g25
942 _cTEXL
_hzG, N51.7
999 _c1438804
_d1438804